| 000 | 01163cam a22003137a 4500 | ||
|---|---|---|---|
| 003 | CHAP | ||
| 005 | 20220329143054.0 | ||
| 008 | 051206d2005 mx rs o00110 spa d | ||
| 010 | _a91507 | ||
| 011 | _a92479 | ||
| 020 | _a9701344847 | ||
| 035 | _a103043 | ||
| 040 | _cCHAP | ||
| 082 | 0 | 4 |
_a614 _bI58 |
| 110 | 2 |
_aInstituto Nacional de Estadística, Geografía e Informática. México _959304 |
|
| 245 | 1 | 0 |
_aInformación estadística de salud en establecimientos particulares 2003 _c/por Instituto Nacional de Estadística, Geografía e Informática |
| 260 |
_aAguascalientes, Ags. : _bInstituto Nacional de Estadística, Geografía e Informática, _c2005. |
||
| 300 |
_a380 p. : _bgráfs. |
||
| 590 |
_aBATCH-UPD _b10 _c20130110 _lUCH01 _h1011 |
||
| 590 |
_aBATCH-UPD _b10 _c20130410 _lUCH01 _h0619 |
||
| 590 |
_aBATCH-UPD _b10 _c20130914 _lUCH01 _h2012 |
||
| 590 |
_aCONVERSION _b10 _c20130109 _lUCH01 _h1351 |
||
| 650 | 1 | 4 |
_aSalud pública _xEstadísticas _zMéxico. _9101826 |
| 650 | 1 | 4 |
_aSeguridad social _xEstadísticas. _9103680 |
| 901 | _aBK | ||
| 905 | _aLilia | ||
| 942 | _cLIBRO | ||
| 949 |
_a614 I58 _bBC _cINEGI _d33724000966537 _eINEGI _h107587 _i103043 _sb |
||
| 999 |
_c91507 _d91507 |
||